| 000 | 005600000a22001930004500 | ||
|---|---|---|---|
| 003 | LK-CoMWRAF | ||
| 005 | 20231130154752.0 | ||
| 008 | 230817t1964 ||||| |||| 00| 0 eng d | ||
| 040 |
_aLK-CoMWRAF _dLK-CoMWRAF _eLK-CoMWRAF |
||
| 041 | _aeng | ||
| 082 |
_a301.451 _bSCH |
||
| 100 | _aSchermer, George | ||
| 245 |
_aGuidelines: _b a manual for bi-racial committees |
||
| 260 |
_a[New York?]: _bAnti-Defamation League of B'nai B'rith, _c1964 |
||
| 300 | _a 96 p. ; 23 cm | ||
| 650 | _aEthnic attitudes | ||
| 650 | _aRace relations-United States | ||
| 942 | _cBK | ||
| 999 |
_c2045 _d2045 |
||